000 00591cam a22002053a 4500
001 43858
003 PGUSA
005 20140828084011.0
008 131001s2013||||xxu|||||s|||||000 | eng d
040 _aPGUSA
_beng
042 _adc
100 1 _aSims, John
245 1 4 _aThe Botanical Magazine, Vol. 13 :
_bOr Flower-Garden Displayed
_h[electronic resource] /
_cJohn Sims
260 _bProject Gutenberg,
_c2013
506 _aPublic domain in the USA.
516 _aElectronic text
830 0 _aProject Gutenberg
_v43858
856 4 0 _uhttp://www.gutenberg.org/ebooks/43858
942 _cEB
999 _c273109
_d273109